|
|
|
|
| LEADER |
00000nab a2200000 i 4500 |
| 001 |
publ1144 |
| 005 |
20190201091121.0 |
| 008 |
190130s2017 hu o 000 zxx d |
| 022 |
|
|
|a 2415-9271, 2415-928X
|
| 040 |
|
|
|a BGE Publikációtár Repozitórium
|b hun
|
| 100 |
1 |
|
|a Losoncz Miklós
|
| 245 |
1 |
0 |
|a Globalisation, development and sustainability – Report about the 18th world congress of the International Economic Association
|c Losoncz Miklós
|h [elektronikus dokumentum]
|
| 260 |
|
|
|c 2017-09
|
| 300 |
|
|
|a 166-171
|
| 490 |
0 |
|
|a FINANCIAL AND ECONOMIC REVIEW
|v 16 No. 3
|
| 650 |
|
4 |
|a közgazdaságtudományok
|
| 695 |
|
|
|a globalisation
|
| 695 |
|
|
|a sustainability
|
| 700 |
1 |
|
|a Pongrácz Ferenc
|e aut
|
| 700 |
1 |
|
|a Nick Gábor András
|e aut
|
| 856 |
4 |
0 |
|u https://publikaciotar.uni-bge.hu/id/eprint/1144/1/Losoncz_IEA_konfbeszamolo_ENG.pdf
|z Dokumentum-elérés
|